000 00768nam a2200217Ia 4500
001 13716
003 GE_BSU
008 181216s||||||||xx |||||||||||||| ||und||
040 _cGE_BSU
080 _a621.1+536.2(075.8)
100 _aОсипова,В.А.
245 _aЭкспериментальное исследование процессов теплообмена.
245 _cПод ред.М.П.Вукаловича. Ред. И.В.Волобуева.
250 _a2-е изд. перераб. и доп.
260 _aМ.
260 _bЭнергия.
260 _c1969.
300 _a392 стр. 20 см. с илл.
653 _aЭкспериментальное исследование процессов теплообмена.
942 _cBK
999 _c46864
_d46864